LEADER 00402oas 2200157z- 450 001 996568945603316 035 $a(CKB)4920000003131137 035 $a(EXLCZ)994920000003131137 100 $a20240417cuuuuuuuu -u- - 101 0 $aeng 200 00$aNature Biotechnology 300 $aRefereed/Peer-reviewed 906 $aJOURNAL 912 $a996568945603316 996 $aNature biotechnology$9792638 997 $aUNISA